000
00219nam a22000977a 4500
008
170126b xxu||||| |||| 00| 0 eng d
041
_a
eng
080
_2
15TH
_a
61
245
_a
THE MERCK MANUAL
_c
BERKOW, R
942
_2
udc
_c
BK
999
_c
3731
_d
3731